| 000 | 00632nam a2200253Ia 4500 | ||
|---|---|---|---|
| 008 | 210210b2009 xxu||||| |||| 00| 0 eng d | ||
| 020 | _a818735951X | ||
| 041 | _aeng | ||
| 082 | _a351.72 SINF | ||
| 100 | _aSINGHVI (N M) | ||
| 245 | _aFinancial management and economic administration in government | ||
| 260 |
_aJaipur _bAalekh Publishers _c2009 |
||
| 300 | _axii,255 | ||
| 650 | _amanagement | ||
| 650 | _ain | ||
| 650 | _agovernment | ||
| 650 | _aFinancial | ||
| 650 | _aeconomic | ||
| 650 | _aand | ||
| 650 | _aadministration | ||
| 690 | _aPublic Administration | ||
| 700 | _aPATNI (Pankaj) | ||
| 906 | _a065241 | ||
| 999 |
_c142431 _d142431 |
||